| 000 | 00466nam a2200169Ia 4500 | ||
|---|---|---|---|
| 005 | 20250508151441.0 | ||
| 008 | 008 250505s9999 xx 000 0 eng d | ||
| 037 | _aTextual | ||
| 040 |
_aFEDL _beng _cFEDL |
||
| 041 |
_aeng _2eng |
||
| 084 |
_a901, SRI _qFEDL |
||
| 100 |
_aSrimal Jugal _9759171 |
||
| 245 | 0 | _aMan and his world | |
| 260 |
_aCalcutta, India _bNational Cultural Association |
||
| 942 |
_cTEXL _h901, SRI |
||
| 999 |
_c1329870 _d1329870 |
||